000 00716nam a2200241Ia 4500
003 OSt
005 20220925213602.0
006 a|||||r|||| 00| 0
007 ta
008 220923b |||||||| |||| 00| 0 eng d
037 _cGeneral Book
040 _aRTL
_cRTL
_beng
041 _2eng
_aeng
082 _aQv1.M5, K6
100 _aReardon Bernard M G
_974666
245 0 _aReligious thought in the nineteenth century
_b Illustrated from writers of the period
260 _aLondon
_bCambridge University Press UK
_c1966
300 _aix,406p.
_ccm.
500 _aBib p 405-06
650 _aReligion
942 _hQv1.M5, K6
_cGB
_2CC
999 _c563278
_d563278